| Tag |
First Indicator |
Second Indicator |
Subfields |
| LEADER |
00000cam a2200000 a 4500 |
| 001 |
in00001303421 |
| 005 |
20151005071034.0 |
| 008 |
950816s1996 ctu b 001 0 eng |
| 010 |
|
|
|a 95037334
|
| 020 |
|
|
|a 0313289484 (alk. paper)
|
| 035 |
|
|
|a (OCoLC)33243093
|
| 035 |
|
|
|9 AHC2633AM
|
| 040 |
|
|
|a DLC
|c DLC
|d TXA
|d UtOrBLW
|
| 043 |
|
|
|a n-us---
|
| 049 |
|
|
|a TXAM
|
| 050 |
0 |
0 |
|a PN4888.I52
|b W47 1996
|
| 082 |
0 |
0 |
|a 302.23/2/08997
|2 20
|
| 100 |
1 |
|
|a Weston, Mary Ann.
|
| 245 |
1 |
0 |
|a Native Americans in the news :
|b images of Indians in the twentieth century press /
|c Mary Ann Weston.
|
| 264 |
|
1 |
|a Westport, Conn. :
|b Greenwood Press,
|c 1996.
|
| 300 |
|
|
|a x, 188 pages ;
|c 25 cm.
|
| 336 |
|
|
|a text
|b txt
|2 rdacontent
|
| 337 |
|
|
|a unmediated
|b n
|2 rdamedia
|
| 338 |
|
|
|a volume
|b nc
|2 rdacarrier
|
| 490 |
1 |
|
|a Contributions to the study of mass media and communications,
|x 0732-4456 ;
|v no. 49
|
| 504 |
|
|
|a Includes bibliographical references (pages [167]-175) and index.
|
| 650 |
|
0 |
|a Indians
|x Press coverage
|z United States.
|
| 650 |
|
0 |
|a Indians of North America
|x Public opinion.
|
| 650 |
|
0 |
|a Public opinion
|z United States.
|
| 650 |
|
0 |
|a Journalism
|z United States
|x History
|y 20th century.
|
| 830 |
|
0 |
|a Contributions to the study of mass media and communications.
|x 0732-4456 ;
|v no. 49.
|
| 999 |
|
|
|a MARS
|
| 999 |
f |
f |
|s a8f89bbd-4e79-36e7-a9d8-852fb231bff6
|i b0869dcf-48a1-3dde-9761-9623a24524a8
|t 0
|
| 952 |
f |
f |
|p normal
|a Texas A&M University
|b College Station
|c Sterling C. Evans Library
|d Evans: Library Stacks
|t 0
|e PN4888.I52 W47 1996
|h Library of Congress classification
|i unmediated -- volume
|m A14820401150
|
| 998 |
f |
f |
|a PN4888.I52 W47 1996
|t 0
|l Evans: Library Stacks
|